00313nam a2200133Ia 4500008004100000041000800041082001400049100001400063245002400077260004900101300001400150365000900164440000600173240624s9999 xx 000 0 und d aeng a658.4 WEB aWEBER MAX aECONOMY AND SOCIETY c1978aLondonbUniversity of California Press a1470 : p. cb26 v1